000 00421nam a2200181Ia 4500
001 10090
005 20260306161806.0
008 260306t1999||||xx |||||||||||||| ||spa||
041 _aESP
082 _aGR 888
_bJ39
100 _aJenofonte
_eAUT
245 0 _aSocráticas; Economía; Ciropedia
260 _c1999
300 _a487 páginas :
_c20 cm.
650 _aGEN
654 _aCHU
942 _cLIB
_dJUS
_fJUS
_2ddc
_n
999 _c10090
_d10090